00673nam a22001817a 450000500170000001000150001702000260003203500130005803700130007110000180008424500420010226000460014427001020019030000360029294200170032899900170034595201290036220130711121617.0 aENG-107945 c395.00a9789350352236 aEN-91478 bDBAD/PUB aArora, Manish00aLaw for the Layman /cby Manish Arora aDelhibUniversal Law Publishing Co.c2013 aC-FF-1A, Dilkhus Industrial Estate, (Near Azadpur Metro Station) G.T. Karnal Road,bDelhie110033 axxviii,385p. :c22cm(pbk)bill. 2ddccENmMAN c77392d77392 001040718NFICaDBADbDBADd2013-07-11eDBAD/PUBg395.00l0oMANpEN-91478r2013-07-11 00:00:00t1v395.00w2013-07-11yEN